Poesie scelte [di Giosué Carducci] /
Sábháilte in:
| Príomhchruthaitheoir: | |
|---|---|
| Formáid: | LEABHAR |
| Teanga: | Iodáilis |
| Foilsithe / Cruthaithe: |
Bolonia, Italia :
Nicola Zanichelli,
1922, c1922
|
| Ábhair: | |
| Clibeanna: |
Níl clibeanna ann, Bí ar an gcéad duine le clib a chur leis an taifead seo!
|
MARC
| LEADER | 00000nam^a2200000^a^4500 | ||
|---|---|---|---|
| 001 | 000397590 | ||
| 005 | 20250526000000.0 | ||
| 009 | 20260310121501.529 | ||
| 037 | |a Acervo Xavier Clavigero | ||
| 041 | |a ITA | ||
| 082 | |a 851. |b CAR | ||
| 100 | |a Carducci, Giosué |e (autor) | ||
| 245 | 1 | 0 | |a Poesie scelte [di Giosué Carducci] / |c G. Carducci. |
| 264 | 4 | |a Bolonia, Italia : |b Nicola Zanichelli, |c 1922, c1922 | |
| 300 | |a V, 417 p. ; |c 14.5 cm. | ||
| 336 | |a texto |b txt |2 rdacontenido | ||
| 337 | |a sin mediación |b n |2 rdamedio | ||
| 338 | |a volumen |b nc |2 rdasoporte | ||
| 545 | 0 | |a Giosué Carducci (1835-1907), escritor italiano que obtuvo el Premio Nobel de Literatura en 1906. De convicción republicana se convirtió en una especie de guía de la conciencia cultural italiana. Aunque expresamente se declaró antirromántico, la crítica lo ubica dentro del romanticismo tardío, defensor del equilibrio poético entre el realismo burgués y el esplendor clásico. Obras: Himno a Satanás (1863), Levia Gravia (1868), Yambos y épodos (1882), Rimas nuevas (1861-1887), Odas bárbaras (1877-1889), Rimas y ritmos (1899). | |
| 561 | |a Ex libris de San Cayetano Bibl. Domus | ||
| 561 | |a Ex libris de Bibl. Iunioratus Dom. Prob. S. Ioseph | ||
| 561 | |a Ex libris de Instituto de Literatura Puente Grande, Jal. | ||
| 586 | |a Premio Nobel de Literatura 1906 | ||
| 649 | |a XX | ||
| 650 | |a Poesía Italiana | ||
| 650 | |a Romanticismo (Literatura) - |z Italia | ||
| 650 | |a Literatura Italiana - |y Siglo XIX | ||
| 910 | |a Fondo General | ||
| 920 | |a Impresos - Libros | ||
| 930 | |a Libros Antiguos y Raros | ||
| 940 | |a Literatura | ||
| 905 | |a 108 | ||
| 901 | |a 033281 |b IT2 |c LRA |u 20250526 | ||
| 902 | |a https://opac.biblio.iteso.mx/vufind/Record/000397590 | ||